|
|
|
|
| LEADER |
02067nam a2200457 i 4500 |
| 001 |
EBC4672375 |
| 003 |
MiAaPQ |
| 005 |
20200520144314.0 |
| 006 |
m o d | |
| 007 |
cr cnu|||||||| |
| 008 |
160923t20072007onca ob 001 0 eng d |
| 020 |
|
|
|z 9780802092465
|
| 020 |
|
|
|a 9781442685000
|q (electronic bk.)
|
| 035 |
|
|
|a (MiAaPQ)EBC4672375
|
| 035 |
|
|
|a (Au-PeEL)EBL4672375
|
| 035 |
|
|
|a (CaPaEBR)ebr11258044
|
| 035 |
|
|
|a (OCoLC)958514424
|
| 040 |
|
|
|a MiAaPQ
|b eng
|e rda
|e pn
|c MiAaPQ
|d MiAaPQ
|
| 043 |
|
|
|a e-sp---
|
| 050 |
|
4 |
|a KKT1186
|b .S879 2007
|
| 082 |
0 |
|
|a 346.4604/8209034
|2 22
|
| 100 |
1 |
|
|a Surwillo, Lisa,
|e author.
|
| 245 |
1 |
4 |
|a The stages of property :
|b copyrighting theatre in Spain /
|c Lisa Surwillo.
|
| 264 |
|
1 |
|a Toronto, [Ontario] ;
|a Buffalo, [New York] ;
|a London, [England] :
|b University of Toronto Press,
|c 2007.
|
| 264 |
|
4 |
|c 2007
|
| 300 |
|
|
|a 1 online resource (239 pages) :
|b illustrations.
|
| 336 |
|
|
|a text
|2 rdacontent
|
| 337 |
|
|
|a computer
|2 rdamedia
|
| 338 |
|
|
|a online resource
|2 rdacarrier
|
| 490 |
1 |
|
|a Studies in Book and Print Culture
|
| 504 |
|
|
|a Includes bibliographical references and index.
|
| 588 |
|
|
|a Description based on print version record.
|
| 590 |
|
|
|a Electronic reproduction. Ann Arbor, MI : ProQuest, 2016. Available via World Wide Web. Access may be limited to ProQuest affiliated libraries.
|
| 650 |
|
0 |
|a Copyright
|x Drama
|z Spain
|x History
|y 19th century.
|
| 650 |
|
0 |
|a Intellectual property
|z Spain
|x History
|y 19th century.
|
| 650 |
|
0 |
|a Theater
|x Law and legislation
|z Spain
|x History
|y 19th century.
|
| 655 |
|
4 |
|a Electronic books.
|
| 776 |
0 |
8 |
|i Print version:
|a Surwillo, Lisa.
|t Stages of property : copyrighting theatre in Spain.
|d Toronto, [Ontario] ; Buffalo, [New York] ; London, [England] : University of Toronto Press, c2007
|h x, 218 pages
|k Studies in book and print culture.
|z 9780802092465
|w 2008371172
|
| 797 |
2 |
|
|a ProQuest (Firm)
|
| 830 |
|
0 |
|a Studies in book and print culture.
|
| 856 |
4 |
0 |
|u https://ebookcentral.proquest.com/lib/matrademy/detail.action?docID=4672375
|z Click to View
|